Geography Quiz

Random Geography or State Quiz

10 Most Populated Cities of 5 Most Populated US States Quiz Stats

Quiz Updated Nov 21, 2014

Challenge
Share
Tweet
Embed
Score 0/50 Timer 07:00
0 Plays Today
State City % Correct
CaliforniaLos Angeles
98.6%
New YorkNew York
97.7%
FloridaMiami
95.6%
TexasDallas
95.6%
TexasHouston
95.5%
CaliforniaSan Francisco
95.2%
IllinoisChicago
95.2%
CaliforniaSan Diego
93.9%
TexasAustin
89.8%
FloridaOrlando
86.8%
TexasSan Antonio
86%
CaliforniaSacramento
83.8%
New YorkBuffalo
82.8%
New YorkAlbany
82.5%
FloridaTampa
82.1%
FloridaJacksonville
81.8%
CaliforniaSan Jose
76.5%
TexasFort Worth
74.1%
CaliforniaOakland
71.9%
IllinoisSpringfield
71.8%
FloridaTallahassee
70.8%
TexasEl Paso
68.1%
New YorkSyracuse
61.8%
New YorkRochester
59.2%
CaliforniaFresno
53.3%
State City % Correct
FloridaSt. Petersburg
50.3%
CaliforniaAnaheim
50.1%
FloridaFort Lauderdale
50.1%
CaliforniaLong Beach
44.1%
New YorkYonkers
41.8%
CaliforniaBakersfield
39.3%
TexasCorpus Christi
39%
TexasArlington
38.6%
IllinoisAurora
34.2%
IllinoisRockford
31.9%
IllinoisPeoria
30.7%
TexasPlano
25.1%
IllinoisJoliet
24.6%
IllinoisNaperville
22.8%
New YorkUtica
22.7%
TexasLaredo
21.9%
FloridaHialeah
20.3%
New YorkSchenectady
16.5%
New YorkNew Rochelle
11.8%
FloridaPort St. Lucie
10.7%
IllinoisElgin
9.5%
IllinoisCicero
7.9%
IllinoisWaukegan
7.9%
FloridaPembroke Pines
7.8%
New YorkMount Vernon
7.5%

You're not logged in!

Compare scores with friends on all Sporcle quizzes.
Sign Up with Email
OR
Log In

You Might Also Like...

Show Comments

Extras

Top Quizzes Today


Score Distribution

Your Account Isn't Verified!

In order to create a playlist on Sporcle, you need to verify the email address you used during registration. Go to your Sporcle Settings to finish the process.